| 000 | 00526nam a22001577a 4500 | ||
|---|---|---|---|
| 003 | OSt | ||
| 005 | 20151102105823.0 | ||
| 008 | 151102b xxu||||| |||| 00| 0 eng d | ||
| 040 | _cRUA | ||
| 082 | _aFOR លី 1993 B118 Or.1 | ||
| 100 |
_93177 _aលី សិរីឬទ្ធិ |
||
| 245 | _aការសិក្សាស្រាវជ្រាវជំរឿនដីព្រៃឈើក្នុងខេត្ត តាកែវ | ||
| 260 |
_aPhnom Penh _bRUA _c1993 |
||
| 300 |
_a55p. _bill. _c29cm. |
||
| 942 |
_2ddc _cFOR |
||
| 999 |
_c2965 _d2965 |
||